000
003170000a22001450004500
003
MACL
040
_a
MACL
090
_c
3382
_d
3382
100
_a
Pujari, Premlata
245
_a
Women Power In India Vol. 2
260
_a
Delhi
_b
Kanishka Publishers
_c
1994
350
_a
1450
650
_a
Sociology
942
_c
BOOK
_k
307
999
_c
3360
_d
3360